00547 2200193 4500001002100000008004100021035001900062245007200081100001200153250000800165260005100173300002700224020002100251084001500272082000900287650002300296990001700319990001700336INLIS000000000010754 Ind $a 0010-0621000144$a Ide kreatif furniture kekinian proses dan pemasarannya / $c Alif S.M$a Alif S.M$a Ed.1$a Yogyakarta : $b Literasi Desa Mandiri, $c 2020 $a 120 hlm. ; $c 14x20 cm.$a 978-623-238-188-9$a 658.8 alf i$a 658.8$a Manajemen Pemasaran$a 35061/pb/2021$a 35062/pb/2021